000 01860cam a22004694i 4500
003 PE-LiUPU
005 20250731172940.0
008 150623s r 000 0 d
020 _a0385412681
035 _a(Sirsi) i9780385412681
040 _aPE-LiUPU
_bspa
_cPE-LiUPU
_erda
049 _aPRUA
082 0 4 _a220.7
_bAB1996
_221
100 1 _aRaabe, Paul R.,
_eautor.
245 1 0 _aObadiah.
_n24D /
_cPaul R. Raabe.
264 1 _aNew York :
_bDoubleday,
_c1996.
300 _a310 páginas ;
_c24 centímetros
336 _atext
_2rdacontent
337 _aunmediated
_2rdamedia
338 _avolume
_2rdacarrier
490 0 _aThe Anchor Bible ;
_v24D
504 _aIncluye bibliografía.
505 0 _aThe style obadiah: Poetry and prose,imagery, parallelism, terseness. - Yahwe's firs utterance: announcement of doom addressed to edom. - Yahweh's second utterance: Announcement of domm addreseed to edom. - Yahweeh's trird utterance. - Announcement of doom, accusation and warning addreseed to edom. - Promise of restoration and victory addressed to Judah. -The prophet's expansion: promise of Israe's restoration and Yahweh's kingship.
526 _aSEG42
526 _aSEG41
526 _aSEG40
526 _aSEG39
526 _aP94
526 _aP87
526 _aP86
526 _aP85
526 _aP77
526 _aP76
526 _aP35
630 _aBiblia.
_pA.T.
_pAbdías
_xComentarios.
942 _2ddc
_cBOOK
949 _a220.7 AB 24D 1996
_wDEWEY
_c1
_i44553
_lCCODEBUL1
_mBUL
_r0
_sY
_tBOOK
_u2015-6-24
_xTEOLOGIA
_PP35
_0COMPRA
_o.STAFF. Colección General
994 _aC0
_bPEPRU
596 _a1
999 _a220.7 AB 24D 1996
_wDEWEY
_c21438
_i44553
_f2021-11-9
_g5
_lCCODEBUL1
_mBUL
_r0
_sY
_tBOOK
_u2015-6-24
_xTEOLOGIA
_PP35
_0COMPRA
_o.STAFF. Colección General
_d21438
980 _81
_gALBERTO SANCHEZ Responsable de Automatización